000 00431nab a2200145Ia 4500
003 ES-SlBCS
005 20210601143738.0
008 140529s1969 xxu||||| |||| 00| 0 spa d
041 _aspa
100 1 _aSáez-Badillos, A.
_9292417
245 0 0 _aEl Fedón de Platón. Estudio filosófico
_c A. Sáez-Badillos
600 0 4 _aPlatón-Fedón
_9159034
773 0 _tPerficit
_gvol. 2, nº. 21-22, 1969, págs. 1-36
_wRev322
942 _cAR
999 _c697025
_d697025